Central Library OPAC University of Rajshahi

The untouchables: (Record no. 10955)

MARC details
000 -LEADER
fixed length control field 00743nam a2200229 a 4500
001 - CONTROL NUMBER
control field 10955
003 - CONTROL NUMBER IDENTIFIER
rucl marc code BD-RjUL
005 - DATE AND TIME OF LATEST TRANSACTION
control field 20211208235038.0
008 - FIXED-LENGTH DATA ELEMENTS--GENERAL INFORMATION
fixed length control field 500101s1948 in b 001 0 eng d
035 ## - SYSTEM CONTROL NUMBER
System control number (BD-RjUL)11004
040 ## - CATALOGING SOURCE
Original cataloging agency DLC
Transcribing agency RBN
Modifying agency EQO
-- BD-RjUL
Language of cataloging eng
041 ## - LANGUAGE CODE
Language code of text/sound track or separate title eng
082 ## - DEWEY DECIMAL CLASSIFICATION NUMBER
Classification number 305.56880954
Edition number 23
Author mark and year AMU
100 1# - MAIN ENTRY--PERSONAL NAME
Personal name Ambedkar, B. R.
Fuller form of name (Bhimrao Ramji),
Dates associated with a name 1891-1956.
9 (RLIN) 228907
245 04 - TITLE STATEMENT
Title The untouchables:
Remainder of title who were they? and why they became untouchables /
Statement of responsibility, etc. By B. R. Ambedkar
260 ## - PUBLICATION, DISTRIBUTION, ETC. (IMPRINT)
Place of publication, distribution, etc. New Delhi :
Name of publisher, distributor, etc. Amrit Book Co,
Date of publication, distribution, etc. 1948
300 ## - PHYSICAL DESCRIPTION
Pagination viii, 158 p. ;
Size 27 cm
500 ## - GENERAL NOTE
General note Sequel to Who were the Shudras?
504 ## - BIBLIOGRAPHY, ETC. NOTE
Bibliography, etc Includes Bibliographical footnotes and indes
650 #0 - SUBJECT ADDED ENTRY--TOPICAL TERM
Topical term or geographic name as entry element Dalits
Geographic subdivision India
9 (RLIN) 228908
942 ## - ADDED ENTRY ELEMENTS (KOHA)
Source of classification or shelving scheme Dewey Decimal Classification
Koha item type Rare Books
Holdings
Lost status Source of classification or shelving scheme Damaged status Not for loan Collection code Permanent Location Current Location Shelving location Date acquired Source of acquisition Cost, normal purchase price Total Checkouts Full call number Date last seen Copy number Koha item type
  Dewey Decimal Classification   Not For Loan Rare Books Central Library, University of Rajshahi Central Library, University of Rajshahi Rare Book Section 19/10/1963 Pakistan Law House 20.00   RA 305.56880954 AMU 1948 04/03/2019 C-1 Rare Books